MARC details
| 000 -CABECERA |
| campo de control de longitud fija |
01538nam a2200229 a 4500 |
| 001 - NÚMERO DE CONTROL |
| campo de control |
000044759 |
| 003 - IDENTIFICADOR DEL NÚMERO DE CONTROL |
| campo de control |
OSt |
| 005 - FECHA Y HORA DE LA ÚLTIMA TRANSACCIÓN |
| campo de control |
20230308115615.0 |
| 008 - DATOS DE LONGITUD FIJA--INFORMACIÓN GENERAL |
| campo de control de longitud fija |
150109s2007 dr r 000 0 spa d |
| 040 ## - FUENTE DE LA CATALOGACIÓN |
| Centro catalogador/agencia de origen |
DO-SdBNP |
| Lengua de catalogación |
spa |
| Centro/agencia transcriptor |
BNPHU |
| 082 ## - NÚMERO DE LA CLASIFICACIÓN DECIMAL DEWEY |
| Número de clasificación |
343.032 |
| Número de documento/Ítem |
R426c |
| 110 1# - ENTRADA PRINCIPAL--NOMBRE DE ENTIDAD CORPORATIVA |
| Nombre de entidad corporativa o nombre de jurisdicción como elemento de entrada |
República Dominicana. |
| Unidad subordinada |
Comisionado de Apoyo a la Reforma y Modernización de la Justicia |
| 9 (RLIN) |
17179 |
| 240 10 - TÍTULO UNIFORME |
| Título uniforme |
[Leyes, etc.] |
| 245 10 - MENCIÓN DE TÍTULO |
| Título |
Compilación : |
| Resto del título |
"Leyes de familia de Cataluña, Bolivia, Buenos Aires, Venezuela, Chile, Costa Rica, Panamá, Ecuador, Honduras, Cuba y República Dominicana" / |
| Mención de responsabilidad, etc. |
coordinadores Margarita Cedeño de Fernández, Alejandro Moscoso Segarra ; compilación Rosa Fernández. |
| 260 ## - PUBLICACIÓN, DISTRIBUCIÓN, ETC. |
| Lugar de publicación, distribución, etc. |
Santo Domingo : |
| Nombre del editor, distribuidor, etc. |
Despacho de la Primera Dama, |
| -- |
Comisionado de Apoyo a la Reforma y Modernización de la Justicia, |
| Fecha de publicación, distribución, etc. |
2007. |
| 300 ## - DESCRIPCIÓN FÍSICA |
| Extensión |
445 p. ; |
| Dimensiones |
28 cm. |
| 505 2# - NOTA DE CONTENIDO CON FORMATO |
| Nota de contenido con formato |
Presentación -- |
| Título |
Código de familia de Cataluña, España "ley no. 9 del mes de Julio del año 1998 -- |
| -- |
Código de familia de la República de Bolivia -- |
| -- |
Código de familia de Cuba y sus modificaciones -- |
| -- |
Código de familia de Panamá -- |
| -- |
Ley sobre el fuero familia de Buenos Aires Argentina -- |
| -- |
Ley de violencia contra la mujer y familia de Venezuela -- |
| -- |
Código de familia de Ecuador -- |
| -- |
Código de familia de Honduras -- |
| -- |
Ley del matrimonio de Chile -- |
| 590 ## - NOTA LOCAL (RLIN) |
| Nota local |
Inventariado, 2019/BT |
| 700 1# - PUNTO DE ACCESO ADICIONAL--NOMBRE DE PERSONA |
| Nombre de persona |
Rosa Fernández. |
| Término indicativo de función/relación |
comp. |
| 9 (RLIN) |
72769 |
| 710 12 - PUNTO DE ACCESO ADICIONAL--NOMBRE DE ENTIDAD CORPORATIVA |
| Nombre de entidad corporativa o nombre de jurisdicción como elemento de entrada |
República Dominicana. |
| Unidad subordinada |
Comisionado de Apoyo a la Reforma y Modernización de la Justicia |
| 9 (RLIN) |
17179 |
| 942 ## - ELEMENTOS DE PUNTO DE ACCESO ADICIONAL (KOHA) |
| Fuente del sistema de clasificación o colocación |
Dewey Decimal Classification |
| Tipo de ítem Koha |
Libro |